Online Catalogue and eLibrary

New feminist discourses : (Record no. 3167)

MARC details
000 -LEADER
fixed length control field 00500nam a2200193Ia 4500
005 - DATE AND TIME OF LATEST TRANSACTION
control field 20241010035417.0
008 - FIXED-LENGTH DATA ELEMENTS--GENERAL INFORMATION
fixed length control field 240331s9999 xx 000 0 und d
020 ## - INTERNATIONAL STANDARD BOOK NUMBER
ISBN 0415067413
082 ## - DDC Classification
Item Number - Author Mark NEW
Class No. 820
245 #0 - TITLE STATEMENT
Title New feminist discourses :
Remainder of title critical essays on theories and Texts
260 ## - PUBLICATION, DISTRIBUTION, ETC.
Place of publication, distribution, etc. London
Name of publisher, distributor, etc. Routledge
Date of publication, distribution, etc. 1992
300 ## - PHYSICAL DESCRIPTION
Extent (e.g. Volumes, Pages etc.) x, 371 p .,
650 ## - SUBJECT ADDED ENTRY--TOPICAL TERM
Topical term or geographic name entry element Feminist
650 ## - SUBJECT ADDED ENTRY--TOPICAL TERM
Topical term or geographic name entry element English Literature
650 ## - SUBJECT ADDED ENTRY--TOPICAL TERM
Topical term or geographic name entry element History
650 ## - SUBJECT ADDED ENTRY--TOPICAL TERM
Topical term or geographic name entry element Sex Role
700 ## - ADDED ENTRY--PERSONAL NAME
Personal name Armstrong, I.
Relator term (Role) Editor
942 ## - Koha item type (Biblio)
Koha item type Books in Stacks (Lending)
Holdings
Lost status Damaged status Collection code Home library Current library Shelving location Date acquired Full call number Accession Number Item type
    Lending WERC Library WERC Library Social Science Cupboard 03/31/2024 820 NEW 3942 Books in Stacks (Lending)

© WERC Library